| 000 | 00829cam a2200265Ia 4500 | ||
|---|---|---|---|
| 008 | |||
| 020 | _a0896031611 (hbk. ) | ||
| 049 | _aMAIN | ||
| 090 |
_aQH506 _bMET |
||
| 245 | 0 | 0 |
_aPlant cell and tissue culture / _cedited by Jeffrey W. Pollard and John M. Walker. |
| 260 |
_aClifton, N.J. : _bHumana Press, _c1990. |
||
| 300 |
_axii, 597 p. : _bill. ; _c26 cm. |
||
| 440 | 0 |
_aMethods in molecular biology ; _vv. 6 |
|
| 504 | _aIncludes bibliographical references. | ||
| 500 | _aIncludes index. | ||
| 650 | 0 |
_aPlant cell culture _xAnalysis. |
|
| 650 | 0 | _aPlant tissue culture. | |
| 700 | 1 | _aPollard, Jeffrey W. | |
| 700 | 1 | _aWalker, John M. | |
| 907 |
_a.b10005742 _b04-08-11 _c17-04-03 |
||
| 003 | |||
| 005 | 20230123133116.0 | ||
| 040 | _cNUST | ||
| 942 |
_cBOOKS _kQH506 _mMET |
||
| 999 |
_c142888 _d142888 |
||